Top 300 Baby Boy Names (2015) Quiz Stats

Quiz Updated Nov 21, 2016

Challenge
Share
Tweet
Embed
Score 0/300 Timer 20:00
3 Plays Today
Rank Name % Correct
26John
91.6%
9Michael
88.7%
7James
88.2%
5William
87.6%
18David
85%
15Matthew
83.6%
51Thomas
83.2%
40Jack
82.9%
12Daniel
81.8%
63Robert
81.7%
80Jose
80.9%
200Paul
80.4%
32Christopher
80.2%
134Alex
80%
206Peter
79.8%
154Steven
79.6%
246Stephen
79.6%
196Mark
79.5%
136George
78.7%
30Andrew
78%
21Joseph
77.5%
279Andre
76.5%
10Benjamin
75.9%
4Jacob
75.9%
23Samuel
75.7%
8Alexander
75.3%
155Richard
74.8%
28Luke
74.7%
50Charles
74.6%
73Adam
73.5%
29Henry
72.3%
166Bryan
71.9%
189Brian
71.9%
48Jonathan
71.4%
39Ryan
71.2%
62Nicholas
71%
202Nicolas
71%
38Nathan
70.8%
25Anthony
70.6%
158Edward
70.3%
79Kevin
70.3%
86Jason
69.7%
33Joshua
69.6%
17Jackson
68.6%
44Jaxon
68.6%
84Jaxson
68.6%
1Noah
68.5%
2Liam
68.3%
147Timothy
68.1%
52Aaron
67.9%
88Zachary
67.8%
19Oliver
66.7%
16Lucas
66.1%
253Lukas
66.1%
6Ethan
65.9%
263Jayceon
65.8%
110Justin
65.2%
137Eric
64.8%
266Erick
64.8%
211Sean
64.1%
81Tyler
64%
82Brandon
63.1%
175Kyle
62.9%
164Patrick
62.8%
13Aiden
62.4%
87Ayden
62.4%
185Aidan
62.4%
43Christian
61.6%
270Cristian
61.6%
53Eli
61.4%
76Ian
61.2%
205Jake
60.6%
157Luca
60.2%
60Jordan
60%
67Evan
60%
31Isaac
59.7%
168Marcus
59.4%
160Victor
58.8%
3Mason
58.6%
229Charlie
58.3%
91Leo
57.4%
174Jeremy
57.3%
97Nathaniel
56.8%
109Vincent
56.7%
173Bradley
56.1%
54Connor
56%
256Conner
56%
118Max
55.7%
106Luis
55.5%
297Louis
55.4%
27Dylan
55.4%
167Alan
55%
128Jesus
54.7%
56Cameron
54.6%
245Kameron
54.6%
20Jayden
54.5%
201Jaden
54.5%
268Jaiden
54.5%
11Elijah
53.6%
36Owen
53.5%
Rank Name % Correct
114Juan
52.5%
276Martin
52.1%
199Kenneth
51.8%
290Jeffrey
51.7%
37Caleb
51.7%
165Kaleb
51.7%
90Xavier
51.5%
69Austin
51%
14Logan
50.8%
24Carter
50.4%
183Karter
50.4%
55Jeremiah
49.2%
49Isaiah
48.9%
172Colin
48.8%
264Collin
48.8%
117Carlos
48.8%
22Gabriel
48.5%
210Derek
47.9%
95Kayden
47.9%
140Kaiden
47.9%
179Kaden
47.9%
192Caden
47.9%
212Cayden
47.9%
285Caiden
47.9%
41Hunter
47.6%
99Theodore
47.5%
181Oscar
47.5%
119Harrison
47.2%
45Julian
47.1%
234Simon
45.9%
115Cole
45.8%
74Chase
45.5%
143Jonah
45.4%
170Abraham
44.9%
96Blake
44.9%
278Seth
44.7%
292Arthur
44.7%
152Antonio
44.4%
151Hayden
43.7%
61Brayden
43%
178Jesse
42.7%
237Cody
42.5%
259Raymond
42.5%
208Elliot
42.2%
213Elliott
42.2%
214Jax
42.2%
177Grant
42.1%
113Maxwell
41.9%
34Wyatt
41.9%
70Gavin
41.6%
204Dean
41.4%
72Parker
41.3%
138Ivan
41.3%
159Joel
41.2%
77Cooper
41.2%
103Leonardo
41%
46Landon
41%
58Adrian
41%
293Karson
40.9%
89Carson
40.9%
295Shane
40.7%
116Damian
40.4%
254Damien
40.4%
141Ashton
40.3%
207Xander
40.3%
249Zander
40.3%
35Sebastian
40%
47Grayson
39.7%
111Greyson
39.7%
64Angel
39.1%
126Wesley
38.8%
194Riley
38.8%
198Brady
38.7%
161Miguel
38.7%
107Miles
38.4%
223Myles
38.4%
68Dominic
38.1%
131Bryce
38%
108Micah
37.9%
257Travis
37.9%
101Tristan
37.8%
59Colton
37.5%
171Calvin
37.5%
260Peyton
37.3%
42Levi
36.9%
261Devin
36.7%
209Finn
36.6%
105Brody
36.4%
57Josiah
36.3%
83Asher
36.2%
273Garrett
36.1%
156Jude
35.5%
71Nolan
35.1%
75Jace
35%
132Jayce
35%
182Jase
35%
187Avery
34.4%
66Lincoln
34%
169Preston
33.5%
180Alejandro
33.3%
Rank Name % Correct
233Zane
33.2%
225Jorge
33.2%
300Troy
33.2%
176Graham
32.9%
275Ricardo
32.7%
252Spencer
32.2%
283Manuel
31.9%
226Javier
31.8%
100Elias
31.7%
284Mario
31.4%
125Abel
31.4%
92Ezra
31.3%
148Ezekiel
31.1%
104Camden
31.1%
139Emmett
31%
251Eduardo
30.9%
123Axel
30.3%
217Omar
30%
120Weston
29.6%
224Tanner
29.5%
248Clayton
29.5%
93Bentley
29.4%
124Diego
29.4%
102Roman
29.3%
145Kai
29.2%
98Ryder
29.2%
135Everett
28.8%
250Chance
28.8%
144Jameson
28.7%
262Felix
28.6%
150Emmanuel
28.4%
298Angelo
28.4%
85Mateo
28.1%
191Matteo
28.1%
112Declan
28.1%
65Hudson
27.8%
215Jasper
27.8%
153Bennett
27.7%
78Easton
27.4%
163King
27.2%
129Silas
27%
247Francisco
26.9%
122Braxton
26.8%
228Andres
26.7%
269Fernando
26.5%
255Dallas
26.4%
133Bryson
25.5%
240Israel
25.2%
186Tucker
25.1%
235Judah
25.1%
94Sawyer
24.8%
195August
24.8%
267Cash
24.7%
230Paxton
23.6%
197Maximus
23.4%
221Corbin
23.3%
288Milo
23.3%
219Rowan
23.3%
146Maddox
23%
291Holden
22.7%
162Malachi
22.6%
242Gage
22.4%
203Beau
22.3%
149Ryker
22.2%
277Reid
21.7%
282Donovan
21.7%
142Kingston
21.2%
130Giovanni
21%
241Rylan
21%
244River
20.6%
272Keegan
20.5%
296Lane
20.1%
121Brantley
20.1%
294Rafael
19.9%
236Griffin
19.8%
227Zion
19.7%
188Amir
19.6%
238Gunner
19.5%
287Kyler
18.9%
193Zayden
18.8%
239Dawson
18.8%
271Josue
18.7%
127Santiago
18.5%
232Brooks
18.3%
218Beckett
18.3%
289Archer
18.1%
281Titus
17.5%
184Maverick
17.2%
258Knox
16.8%
216Lorenzo
16.7%
222Waylon
16.3%
280Cesar
16%
190Iker
15.9%
243Messiah
15.6%
274Rhett
15.2%
299Remington
15.2%
265Amari
14.3%
220Gael
14.3%
231Emiliano
14.1%
286Adriel
12.1%

You're not logged in!

Compare scores with friends on all Sporcle quizzes.
Sign Up with Email
OR
Log In

You Might Also Like...

Show Comments

Extras

Top Quizzes Today


Score Distribution

Your Account Isn't Verified!

In order to create a playlist on Sporcle, you need to verify the email address you used during registration. Go to your Sporcle Settings to finish the process.

Report this User

Report this user for behavior that violates our Community Guidelines.

Details: